Enhancing Data-Driven Law Enforcement Efforts: Exploring how Risk Terrain Modeling and Conjunctive Analysis Fit in a Crime and Traffic Safety Framework

Law enforcement’s examination of vehicle crashes is often nested in the Data-Driven Approaches to Crime and Traffic Safety (DDACTS) framework which highlights the importance of hot spot analysis. To assist law enforcement efforts, this study explores how two additional spatial techniques, namely ris...

Descripción completa

Guardado en:  
Detalles Bibliográficos
Autores principales: Drawve, Grant (Autor) ; Grubb, Jonathan (Autor) ; Steinman, Hannah (Autor) ; Belongie, Michelle (Autor)
Tipo de documento: Electrónico Artículo
Lenguaje:Inglés
Publicado: 2019
En: American journal of criminal justice
Año: 2019, Volumen: 44, Número: 1, Páginas: 106-124
Acceso en línea: Volltext (lizenzpflichtig)
Volltext (lizenzpflichtig)
Verificar disponibilidad: HBZ Gateway
Palabras clave:

MARC

LEADER 00000naa a22000002c 4500
001 1764205707
003 DE-627
005 20210723061654.0
007 cr uuu---uuuuu
008 210723s2019 xx |||||o 00| ||eng c
024 7 |a 10.1007/s12103-018-9449-3  |2 doi 
035 |a (DE-627)1764205707 
035 |a (DE-599)KXP1764205707 
040 |a DE-627  |b ger  |c DE-627  |e rda 
041 |a eng 
084 |a 2,1  |2 ssgn 
100 1 |a Drawve, Grant  |e VerfasserIn  |4 aut 
245 1 0 |a Enhancing Data-Driven Law Enforcement Efforts: Exploring how Risk Terrain Modeling and Conjunctive Analysis Fit in a Crime and Traffic Safety Framework 
264 1 |c 2019 
336 |a Text  |b txt  |2 rdacontent 
337 |a Computermedien  |b c  |2 rdamedia 
338 |a Online-Ressource  |b cr  |2 rdacarrier 
520 |a Law enforcement’s examination of vehicle crashes is often nested in the Data-Driven Approaches to Crime and Traffic Safety (DDACTS) framework which highlights the importance of hot spot analysis. To assist law enforcement efforts, this study explores how two additional spatial techniques, namely risk terrain modeling (RTM) and conjunctive analysis of case configurations (CACC), could be incorporated within the DDACTS framework. RTM was utilized to identify how the built, physical environment contributed to the risk of traffic incidents. RTM identified 6 risk factors related to the occurrence of vehicle crashes, and high-risk places were compared to hot spots on predictive accuracy. CACC was used to explore configurations likely to result in traffic incidents for the priority places. Our findings support the Theory of Risky Places and fit within a vulnerability-exposure framework, providing law enforcement with guidance for identifying places where vehicle crashes are likely to occur in the future. In addition to providing insight for law enforcement, we discuss how law enforcement can develop working partnerships with stakeholders capable of preventing and/or reducing traffic incidents, which is in line with the general DDACTS framework. 
650 4 |a Conjunctive analysis 
650 4 |a RTM 
650 4 |a Vehicle crashes 
650 4 |a DDACTS 
700 1 |a Grubb, Jonathan  |e VerfasserIn  |4 aut 
700 1 |a Steinman, Hannah  |e VerfasserIn  |4 aut 
700 1 |a Belongie, Michelle  |e VerfasserIn  |4 aut 
773 0 8 |i Enthalten in  |t American journal of criminal justice  |d New York, NY [u.a.] : Springer, 1975  |g 44(2019), 1, Seite 106-124  |h Online-Ressource  |w (DE-627)545782163  |w (DE-600)2387971-3  |w (DE-576)306834987  |x 1936-1351  |7 nnas 
773 1 8 |g volume:44  |g year:2019  |g number:1  |g pages:106-124 
856 4 0 |u https://doi.org/10.1007/s12103-018-9449-3  |x Resolving-System  |z lizenzpflichtig  |3 Volltext  |7 1 
856 4 0 |u http://link.springer.com/openurl/fulltext?id=doi:10.1007/s12103-018-9449-3  |x Verlag  |z lizenzpflichtig  |3 Volltext  |7 1 
935 |a mkri 
951 |a AR 
ELC |a 1 
LOK |0 000 xxxxxcx a22 zn 4500 
LOK |0 001 3957030226 
LOK |0 003 DE-627 
LOK |0 004 1764205707 
LOK |0 005 20210723061654 
LOK |0 008 210723||||||||||||||||ger||||||| 
LOK |0 035   |a (DE-2619)KrimDok#2021-07-22#069C6DC8985CD2AA78B03E6053EEACFE31CBF4AB 
LOK |0 040   |a DE-2619  |c DE-627  |d DE-2619 
LOK |0 092   |o n 
LOK |0 852   |a DE-2619 
LOK |0 852 1  |9 00 
LOK |0 935   |a zota 
LOK |0 939   |a 23-07-21  |b l01 
ORI |a SA-MARC-krimdoka001.raw